Electromagnetic fields / (Record no. 17104)

MARC details
000 -LEADER
fixed length control field 01224cam a2200337 i 4500
001 - CONTROL NUMBER
control field 15655433
003 - CONTROL NUMBER IDENTIFIER
control field EG-ScBUE
005 - DATE AND TIME OF LATEST TRANSACTION
control field 20250422112906.0
008 - FIXED-LENGTH DATA ELEMENTS--GENERAL INFORMATION
fixed length control field 090311t2007 njua f b 001 0 eng d
020 ## - INTERNATIONAL STANDARD BOOK NUMBER
International Standard Book Number 0471263885
020 ## - INTERNATIONAL STANDARD BOOK NUMBER
International Standard Book Number 9780471263883
040 ## - CATALOGING SOURCE
Original cataloging agency EG-ScBUE
Language of cataloging eng
Description conventions rda
Transcribing agency EG-ScBUE
Modifying agency EG-ScBUE
082 04 - DEWEY DECIMAL CLASSIFICATION NUMBER
Classification number 530.141
Item number BLA
Edition number 22
100 1# - MAIN ENTRY--PERSONAL NAME
Personal name Bladel, J. van
Fuller form of name (Jean),
Dates associated with a name 1922-
Relator term author.
9 (RLIN) 31453
245 10 - TITLE STATEMENT
Title Electromagnetic fields /
Statement of responsibility, etc Jean G. Van Bladel ; IEEE Antennas and Propagation Society, sponsor.
250 ## - EDITION STATEMENT
Edition statement Second edition.
264 #1 - PUBLICATION, DISTRIBUTION, ETC. (IMPRINT)
Place of publication, distribution, etc Hoboken, New Jersey :
Name of publisher, distributor, etc Wiley-Interscience, A John Wiley & Sons, Inc., Publication,
Date of publication, distribution, etc [2007]
264 #4 - PUBLICATION, DISTRIBUTION, ETC. (IMPRINT)
Date of publication, distribution, etc c2007
300 ## - PHYSICAL DESCRIPTION
Extent xiv, 1155 pages :
Other physical details illustrations ;
Dimensions 26 cm.
336 ## - CONTENT TYPE
Source rdacontent
Content type term text
Content type code txt
337 ## - MEDIA TYPE
Media type term unmediated
Source rdamedia
Media type code n
338 ## - CARRIER TYPE
Carrier type term volume
Carrier type code nc
Source rdacarrier
490 0# - SERIES STATEMENT
Series statement IEEE Press series on electromagnetic wave theory
500 ## - GENERAL NOTE
General note Originally published: 1964.
500 ## - GENERAL NOTE
General note Includes appendix.<br/>
504 ## - BIBLIOGRAPHY, ETC. NOTE
Bibliography, etc Includes bibliographical references and index.
650 #7 - SUBJECT ADDED ENTRY--TOPICAL TERM
Topical term or geographic name as entry element Electromagnetic fields.
9 (RLIN) 31454
Source of heading or term BUEsh
655 ## - INDEX TERM--GENRE/FORM
Form subdivision Reading book
710 2# - ADDED ENTRY--CORPORATE NAME
Corporate name or jurisdiction name as entry element IEEE Antennas and Propagation Society,
Relator term Sponsor.
9 (RLIN) 31455
942 ## - ADDED ENTRY ELEMENTS (KOHA)
Source of classification or shelving scheme Dewey Decimal Classification
Koha item type Book - Borrowing
Holdings
Withdrawn status Lost status Source of classification or shelving scheme Damaged status Not for loan Collection code Home library Current library Shelving location Date acquired Source of acquisition Cost, normal purchase price Serial Enumeration / chronology Total Checkouts Total Renewals Full call number Barcode Date last seen Date checked out Price effective from Koha item type
    Dewey Decimal Classification     Baccah Central Library Central Library First floor 26/11/2012 Purchase 1005.00 16429 1 13 530.141 BLA 000027830 15/07/2025 20/10/2019 26/11/2012 Book - Borrowing
    Dewey Decimal Classification     Baccah Central Library Central Library First floor 11/11/2013 Purchase     1 18 530.141 BLA 000029620 15/07/2025 05/03/2014 11/11/2013 Book - Borrowing